[Event "XIII Festival A"]
[Site "Trieste ITA"]
[Date "2011.09.05"]
[Round "4"]
[White "Erdos, Viktor"]
[Black "Volkov, Sergey"]
[WhiteElo "2608"]
[BlackElo "2614"]
[Result "1/2-1/2"]
[PlyCount "27"]
[EventDate "2011.09.03"]

1. d4 d5 2. c4 c6 3. Nf3 Nf6 4. Nc3 a6 5. g3 Bf5 6. Qb3 b5 7. cxd5 cxd5 8. Ne5
e6 9. Bg2 Be7 10. O-O O-O 11. Bg5 Ra7 12. Rfd1 Rc7 13. Rac1 h6 14. Bf4 1/2-1/2

[Event "XIII Festival A"]
[Site "Trieste ITA"]
[Date "2011.09.05"]
[Round "4"]
[White "Fruehauf, Norbert"]
[Black "Castelfranchi, Carlo"]
[WhiteElo "2078"]
[BlackElo "2057"]
[Result "0-1"]
[PlyCount "62"]
[EventDate "2011.09.03"]

1. e4 Nf6 2. e5 Nd5 3. d4 d6 4. Nf3 Bg4 5. Be2 e6 6. c4 Nb6 7. O-O Be7 8. exd6
cxd6 9. Nc3 O-O 10. Be3 Nc6 11. d5 exd5 12. Nxd5 Nxd5 13. cxd5 Bxf3 14. Bxf3
Ne5 15. Be2 f5 16. Qa4 a6 17. Rac1 b5 18. Qb4 a5 19. Qd2 Rb8 20. b4 axb4 21.
Qxb4 Ra8 22. Rc2 f4 23. Bd2 f3 24. gxf3 Qe8 25. Qb3 Ra3 26. Qb1 Raxf3 27. Rc3
Qh5 28. Rxf3 Rxf3 29. Bxf3 Nxf3+ 30. Kg2 Qg4+ 31. Kh1 Nh4 0-1

[Event "XIII Festival A"]
[Site "Trieste ITA"]
[Date "2011.09.05"]
[Round "4"]
[White "Gikas, Andreas Basilius"]
[Black "Samuelli, Daniele"]
[WhiteElo "2192"]
[BlackElo "1940"]
[Result "1-0"]
[PlyCount "85"]
[EventDate "2011.09.03"]

1. e4 e6 2. d4 d5 3. Nc3 dxe4 4. Nxe4 Nd7 5. Bd3 Ngf6 6. Qe2 Nxe4 7. Bxe4 Nf6
8. Bxb7 Rb8 9. Bxc8 Qxc8 10. Nf3 Bd6 11. O-O O-O 12. c4 h6 13. b3 a5 14. Qc2 c6
15. Bd2 Qa6 16. Rab1 Nd7 17. Bc3 Be7 18. Nd2 Bf6 19. Ne4 Be7 20. Rfe1 Rfe8 21.
Re3 f5 22. Nd2 Bg5 23. Re2 c5 24. Nf3 Bf6 25. Rbe1 a4 26. d5 axb3 27. axb3 e5
28. Qxf5 Rxb3 29. Ba1 Rb7 30. Nd2 Ra7 31. f4 Rf8 32. Qe6+ Qxe6 33. dxe6 Nb6 34.
Bxe5 Bxe5 35. Rxe5 Ra2 36. Nf3 Nxc4 37. Rxc5 Nd6 38. Rd5 Nf5 39. Rxf5 Rxf5 40.
e7 Ra8 41. e8=Q+ Rxe8 42. Rxe8+ Kf7 43. Re4 1-0

[Event "XIII Festival A"]
[Site "Trieste ITA"]
[Date "2011.09.05"]
[Round "4"]
[White "Hansen, Victor"]
[Black "Tonel, Giulia"]
[WhiteElo "2123"]
[BlackElo "1923"]
[Result "0-1"]
[PlyCount "66"]
[EventDate "2011.09.03"]

1. d4 Nf6 2. c4 g6 3. Nc3 Bg7 4. e4 d6 5. Nf3 O-O 6. Bd3 e5 7. d5 Nbd7 8. O-O
a5 9. a3 Nc5 10. Bc2 Nh5 11. Bg5 f6 12. Be3 Qe8 13. b4 axb4 14. axb4 Rxa1 15.
Qxa1 Na6 16. Ba4 Qf7 17. b5 Nc5 18. Bxc5 dxc5 19. b6 cxb6 20. Qb2 f5 21. Qxb6
Nf4 22. Qxc5 fxe4 23. Ng5 Qf5 24. Ngxe4 Nxg2 25. Ng3 Qh3 26. f3 Bh6 27. Nd1 Nh4
28. Rf2 Nxf3+ 29. Rxf3 Rxf3 30. d6 Rxg3+ 31. hxg3 Qxg3+ 32. Kh1 Bg4 33. Qd5+
Kh8 0-1

[Event "XIII Festival A"]
[Site "Trieste ITA"]
[Date "2011.09.05"]
[Round "4"]
[White "Martinsen, Stig K."]
[Black "Ivanovic, Andrej"]
[WhiteElo "2173"]
[BlackElo "2016"]
[Result "0-1"]
[PlyCount "104"]
[EventDate "2011.09.03"]

1. d4 Nf6 2. Nf3 g6 3. Nc3 Bg7 4. e4 d6 5. Be3 O-O 6. Qd2 a6 7. Bh6 b5 8. Bd3
Nbd7 9. a4 b4 10. Ne2 a5 11. e5 Nd5 12. Ng3 dxe5 13. Nh5 Bh8 14. Bxf8 Qxf8 15.
Ng3 exd4 16. h4 h5 17. O-O e5 18. Rfe1 Bg7 19. Bc4 N5b6 20. Ba2 c5 21. Ng5 c4
22. f4 Bb7 23. f5 Bd5 24. fxg6 fxg6 25. Rf1 Qd6 26. N3e4 Qc6 27. Qe2 Nc5 28.
Rae1 Nxe4 29. Nxe4 Nd7 30. Nd2 Nb6 31. g4 hxg4 32. Qxg4 Kh8 33. h5 Rg8 34. Nf3
gxh5 35. Qxh5+ Qh6 36. Qxh6+ Bxh6+ 37. Kf2 Rf8 38. Kg3 Bf4+ 39. Kh4 Rf5 40. Re2
Nd7 41. Kg4 Rf7 42. Nxd4 Nf6+ 43. Kf5 Ne4+ 44. Kg4 Rg7+ 45. Kh3 Rh7+ 46. Kg4
Rg7+ 47. Kh3 Rg3+ 48. Kh4 Bg5+ 49. Kh5 exd4 50. Rxe4 Bxe4 51. Bxc4 Be7 52. Rf7
Bg6+ 0-1

[Event "XIII Festival A"]
[Site "Trieste ITA"]
[Date "2011.09.05"]
[Round "4"]
[White "Mertens, Heiko"]
[Black "Golod, Vitali"]
[WhiteElo "2354"]
[BlackElo "2579"]
[Result "0-1"]
[PlyCount "58"]
[EventDate "2011.09.03"]

1. d4 Nf6 2. Nf3 g6 3. Bf4 Bg7 4. h3 O-O 5. e3 d6 6. Nbd2 b6 7. Be2 Bb7 8. O-O
c5 9. c3 Nbd7 10. a4 a6 11. Bh2 Rc8 12. Re1 Rc7 13. Bd3 Qa8 14. e4 cxd4 15.
cxd4 e5 16. dxe5 Nxe5 17. Nxe5 dxe5 18. Bxe5 Rd7 19. Qe2 Qd8 20. Ra3 Re8 21.
Nf3 Nh5 22. Bh2 Bf8 23. Rb3 Bc5 24. Bxa6 Rxe4 25. Qf1 Bxa6 26. Qxa6 Rd1 27. Kf1
Qd2 28. Qa8+ Kg7 29. Rbe3 Rxe1+ 0-1

[Event "XIII Festival A"]
[Site "Trieste ITA"]
[Date "2011.09.05"]
[Round "4"]
[White "Mocchi, Tullio"]
[Black "Khmelniker, Ilya"]
[WhiteElo "2259"]
[BlackElo "2518"]
[Result "0-1"]
[PlyCount "68"]
[EventDate "2011.09.03"]

1. e4 e5 2. Nf3 Nc6 3. Bb5 Nf6 4. Bxc6 dxc6 5. d3 Bd6 6. Nbd2 O-O 7. Nc4 Re8 8.
O-O c5 9. a4 Nd7 10. Bg5 f6 11. Bd2 Nf8 12. Nh4 Ne6 13. Nf5 Bf8 14. Kh1 b6 15.
f4 Nxf4 16. Bxf4 exf4 17. Rxf4 Be6 18. Nfe3 c6 19. Rf3 Qc7 20. Rf1 Rad8 21. Qe2
a6 22. Nd2 b5 23. Nf3 Bd6 24. Rfe1 Bf4 25. Qf2 c4 26. axb5 axb5 27. dxc4 bxc4
28. Qe2 Qf7 29. Ra4 Qh5 30. Nxc4 Bg3 31. Rf1 Bxh2 32. g4 Bxg4 33. Ra5 f5 34.
Ne3 Bc7+ 0-1

[Event "XIII Festival A"]
[Site "Trieste ITA"]
[Date "2011.09.05"]
[Round "4"]
[White "Schwarzmeier, Klaus"]
[Black "Milazzo, Mario"]
[WhiteElo "2020"]
[BlackElo "2077"]
[Result "1/2-1/2"]
[PlyCount "168"]
[EventDate "2011.09.03"]

1. c4 f5 2. g3 Nf6 3. Bg2 g6 4. Nf3 Bg7 5. Nc3 d6 6. O-O O-O 7. Rb1 a5 8. a3 e5
9. d3 c6 10. b4 axb4 11. axb4 Qe8 12. Qb3 h6 13. Nd2 Nbd7 14. Bb2 g5 15. c5+ d5
16. e4 fxe4 17. dxe4 Kh8 18. exd5 cxd5 19. Nxd5 Nxd5 20. Qxd5 Nf6 21. Qxe5 Qb5
22. c6 Qxe5 23. Bxe5 bxc6 24. Bxc6 Ra2 25. Rb2 Ra3 26. b5 Nd7 27. Bxg7+ Kxg7
28. Nc4 Rc3 29. Rb4 Nb8 30. Bg2 Bf5 31. Ne3 Bd3 32. Ra1 Rc5 33. b6 Bb5 34. b7
Bc6 35. Rc4 Rxc4 36. Nxc4 Bxg2 37. Kxg2 Rf7 38. Nd6 Rd7 39. Ra8 Rxd6 40. Rxb8
Rb6 41. Kf3 Rb4 42. Ke3 g4 43. Kd3 Rb6 44. Ke4 Rb2 45. Ke5 Re2+ 46. Kf4 Rxf2+
47. Kxg4 Rb2 48. h3 Rb4+ 49. Kh5 Rb5+ 50. Kh4 Rb4+ 51. Kh5 Rb5+ 52. Kg4 Rb4+
53. Kf5 Rb5+ 54. Ke6 Rb6+ 55. Ke5 Rb1 56. Kd5 Rd1+ 57. Ke4 Re1+ 58. Kd3 Rb1 59.
Kd4 Rd1+ 60. Ke3 Re1+ 61. Kd3 Rb1 62. g4 Rb6 63. Ke4 Rb1 64. h4 Rb2 65. Kd4 Rb1
66. Ke5 Re1+ 67. Kf5 Rf1+ 68. Ke5 Re1+ 69. Kf4 Rf1+ 70. Kg3 Rg1+ 71. Kf2 Rb1
72. g5 hxg5 73. hxg5 Rb3 74. Ke2 Rb2+ 75. Kf3 Rb4 76. Kg3 Rb3+ 77. Kg4 Rb4+ 78.
Kh5 Rb5 79. Rc8 Rxb7 80. Rc6 Ra7 81. Rg6+ Kh7 82. Rb6 Kg7 83. Rb5 Rc7 84. Rf5
Rc1 1/2-1/2

[Event "XIII Festival A"]
[Site "Trieste ITA"]
[Date "2011.09.05"]
[Round "4"]
[White "Spiesberger, Gerhard"]
[Black "Laco, Giuseppe"]
[WhiteElo "2149"]
[BlackElo "2116"]
[Result "1-0"]
[PlyCount "75"]
[EventDate "2011.09.03"]

1. e4 c5 2. c3 d5 3. exd5 Qxd5 4. d4 Nc6 5. Nf3 e6 6. Be3 cxd4 7. cxd4 Nf6 8.
Nc3 Qa5 9. Bd3 Nb4 10. Bb5+ Bd7 11. Bxd7+ Nxd7 12. O-O Nd5 13. Bd2 N7f6 14. Qb3
Qa6 15. Rfe1 Be7 16. Bg5 Nxc3 17. bxc3 Rc8 18. Ne5 h6 19. Bxf6 gxf6 20. Ng6 Rg8
21. Nxe7 Kxe7 22. d5 Qc4 23. Qxb7+ Rc7 24. Qb3 e5 25. Qa3+ Qc5 26. Qb4 a5 27.
Qe4 Qxc3 28. Rad1 Rd7 29. f4 Kd6 30. Qf5 Rg6 31. fxe5+ fxe5 32. Rc1 Qd4+ 33.
Kh1 Re7 34. Red1 Rc7 35. Qb1 Qg4 36. Qb6+ Ke7 37. Qxc7+ Kf8 38. Qc8+ 1-0

[Event "XIII Festival A"]
[Site "Trieste ITA"]
[Date "2011.09.05"]
[Round "4"]
[White "Suc, Timothy"]
[Black "Rossi, Carlo"]
[WhiteElo "2053"]
[BlackElo "2346"]
[Result "0-1"]
[PlyCount "68"]
[EventDate "2011.09.03"]

1. e4 c6 2. d3 d5 3. Nd2 e5 4. Ngf3 Bd6 5. d4 exd4 6. exd5 cxd5 7. Be2 Nc6 8.
Nb3 Nf6 9. O-O O-O 10. Bg5 h6 11. Bh4 Bf5 12. Bg3 Re8 13. Bxd6 Qxd6 14. Nbxd4
Be4 15. h3 Qf4 16. Re1 Re7 17. Qc1 Qc7 18. Qd2 Rae8 19. c3 Qb6 20. b4 Bxf3 21.
gxf3 Nxd4 22. cxd4 Qe6 23. Bb5 Qxe1+ 24. Rxe1 Rxe1+ 25. Kg2 R8e6 26. Qf4 g5 27.
Qb8+ Kg7 28. Qxb7 Rb6 29. Qxa7 Rxb5 30. a3 Nh5 31. f4 Nxf4+ 32. Kg3 Rh1 33. Qe7
Rxh3+ 34. Kg4 Kg6 0-1

[Event "XIII Festival A"]
[Site "Trieste ITA"]
[Date "2011.09.05"]
[Round "4"]
[White "Timoshenko, Georgy"]
[Black "Narayanan, Srinath"]
[WhiteElo "2572"]
[BlackElo "2336"]
[Result "1/2-1/2"]
[PlyCount "33"]
[EventDate "2011.09.03"]

1. e4 e5 2. Nf3 Nc6 3. Bb5 a6 4. Ba4 Nf6 5. O-O b5 6. Bb3 Bc5 7. c3 d6 8. d4
Bb6 9. a4 Rb8 10. Na3 O-O 11. axb5 axb5 12. Nxb5 Bg4 13. Ra4 Bd7 14. Re1 Na5
15. c4 Nxb3 16. Qxb3 c6 17. Nxd6 1/2-1/2

[Event "XIII Festival A"]
[Site "Trieste ITA"]
[Date "2011.09.06"]
[Round "5"]
[White "Bensch, Patrick"]
[Black "Mertens, Heiko"]
[WhiteElo "2175"]
[BlackElo "2354"]
[Result "1/2-1/2"]
[PlyCount "144"]
[EventDate "2011.09.03"]

1. e4 g6 2. d4 Bg7 3. Nc3 c6 4. Nf3 d5 5. h3 dxe4 6. Nxe4 Nd7 7. Bd3 Ngf6 8.
O-O Nxe4 9. Bxe4 O-O 10. c4 Qc7 11. Re1 b6 12. Bg5 Nf6 13. Bd3 Bb7 14. Qe2 Rfe8
15. Rad1 Rad8 16. Qe3 c5 17. dxc5 bxc5 18. Ne5 Qc8 19. Bc2 Rxd1 20. Rxd1 Qa8
21. f3 Nh5 22. Bh6 Bh8 23. Qxc5 Qb8 24. Re1 Qd6 25. Qe3 Rc8 26. b3 Qa3 27. Bb1
Qb2 28. Nd3 Qc3 29. Qxe7 Bc6 30. Kh2 Bf6 31. Qb4 Qd4 32. c5 Qd8 33. Qg4 Bd7 34.
Qc4 Qc7+ 35. Bf4 Nxf4 36. Qxf4 Qxf4+ 37. Nxf4 Rxc5 38. Rd1 Bc6 39. Kg1 a5 40.
Be4 Bxe4 41. fxe4 Rc2 42. Nd5 Be5 43. a4 Bg3 44. Rb1 Bf2+ 45. Kh1 Bc5 46. Nf4
Bd6 47. Nd5 Re2 48. Rd1 Be5 49. Ne7+ Kg7 50. Nc6 Bc7 51. b4 Rxe4 52. bxa5 Rxa4
53. Kg1 Rc4 54. Ne7 Bxa5 55. Nd5 Bd8 56. Kf2 Rc2+ 57. Kf3 Bg5 58. Rd3 h5 59. g4
h4 60. Ke4 Rf2 61. Rf3 Re2+ 62. Kd3 Rd2+ 63. Ke4 Rg2 64. Rb3 Re2+ 65. Kf3 Re5
66. Rd3 Re8 67. Rd1 f5 68. gxf5 gxf5 69. Rg1 Kh6 70. Rb1 Re5 71. Rb6+ Kg7 72.
Nf4 Kf7 1/2-1/2

[Event "XIII Festival A"]
[Site "Trieste ITA"]
[Date "2011.09.06"]
[Round "5"]
[White "Castelfranchi, Carlo"]
[Black "Schwarzmeier, Klaus"]
[WhiteElo "2057"]
[BlackElo "2020"]
[Result "0-1"]
[PlyCount "80"]
[EventDate "2011.09.03"]

1. e4 e6 2. d4 d5 3. Nd2 Nf6 4. e5 Nfd7 5. Bd3 c5 6. c3 Nc6 7. Ngf3 Qb6 8. O-O
Be7 9. dxc5 Bxc5 10. b4 Be7 11. Qe2 Qc7 12. Re1 Nf8 13. Nb3 Ng6 14. Bd2 f6 15.
Bxg6+ hxg6 16. Qd3 f5 17. b5 Nd8 18. Rac1 Bd7 19. a4 Rc8 20. Be3 Qc4 21. Qxc4
Rxc4 22. a5 Bxb5 23. Bxa7 Ba3 24. Nbd4 Bd7 25. Rc2 Nc6 26. Nxc6 Bxc6 27. Nd4
Kd7 28. Ra1 Be7 29. Rb1 Ra8 30. Bb6 Rc8 31. Nxc6 R8xc6 32. Bd4 Rxd4 33. Rcb2
Rxc3 34. Rxb7+ Rc7 35. a6 Ra4 36. Rxc7+ Kxc7 37. Rb7+ Kc6 38. g3 Bc5 39. Rxg7
d4 40. Rxg6 Kd5 0-1

[Event "XIII Festival A"]
[Site "Trieste ITA"]
[Date "2011.09.06"]
[Round "5"]
[White "Ceschia, Ivano"]
[Black "Banusz, Tamas"]
[WhiteElo "2316"]
[BlackElo "2552"]
[Result "0-1"]
[PlyCount "58"]
[EventDate "2011.09.03"]

1. e4 e5 2. Nf3 Nc6 3. Nc3 Nf6 4. Bb5 Bd6 5. d3 O-O 6. O-O h6 7. a3 Re8 8. Bc4
Bc5 9. Be3 Bb6 10. Nd5 d6 11. Nxb6 axb6 12. h3 Ne7 13. Bb3 Ng6 14. Qd2 Be6 15.
Bxe6 Rxe6 16. c4 Qd7 17. Kh2 b5 18. Qc2 bxc4 19. dxc4 Qc6 20. Nd2 d5 21. exd5
Nxd5 22. Rae1 Ndf4 23. Qe4 Qxe4 24. Nxe4 Nd3 25. Re2 f5 26. Nc3 Rc6 27. Rd2 e4
28. g4 Nge5 29. Kg3 Nxc4 0-1

[Event "XIII Festival A"]
[Site "Trieste ITA"]
[Date "2011.09.06"]
[Round "5"]
[White "Chatalbashev, Boris"]
[Black "Oparin, Grigoriy"]
[WhiteElo "2566"]
[BlackElo "2413"]
[Result "1/2-1/2"]
[PlyCount "79"]
[EventDate "2011.09.03"]

1. b3 d5 2. Bb2 Nf6 3. e3 e6 4. f4 Be7 5. Nf3 b6 6. Bb5+ c6 7. Be2 O-O 8. O-O
Nbd7 9. Qe1 Ne8 10. g4 Bf6 11. d4 Nd6 12. Nbd2 Bb7 13. Bd3 g6 14. Ne5 Bg7 15.
Rd1 c5 16. c4 f6 17. Nxd7 Qxd7 18. Qg3 f5 19. Nf3 dxc4 20. Ne5 Bxe5 21. dxe5
cxd3 22. Rxd3 Ne4 23. Rxd7 Nxg3 24. hxg3 Rf7 25. Rd6 Bd5 26. gxf5 gxf5 27. e4
Bxe4 28. Rxe6 Rd8 29. Rd6 Rfd7 30. Rfd1 Rxd6 31. exd6 Kf7 32. Be5 Ke6 33. Kf2
Kd7 34. Rc1 Rg8 35. Rc3 Rc8 36. Ke3 Rg8 37. Kd2 Bc6 38. Re3 Rg6 39. Kc3 Rh6 40.
b4 1/2-1/2

[Event "XIII Festival A"]
[Site "Trieste ITA"]
[Date "2011.09.06"]
[Round "5"]
[White "Doric, Darko"]
[Black "Srebrnic, Vojko"]
[WhiteElo "2504"]
[BlackElo "2244"]
[Result "1-0"]
[PlyCount "69"]
[EventDate "2011.09.03"]

1. d4 Nf6 2. c4 g6 3. Nc3 Bg7 4. e4 d6 5. Nf3 O-O 6. Be2 Bg4 7. Be3 Nfd7 8. Rc1
Nc6 9. d5 Bxf3 10. Bxf3 Nce5 11. Be2 Nb6 12. b3 c5 13. f4 Ned7 14. O-O Re8 15.
Qd3 Nf8 16. e5 dxe5 17. f5 Nbd7 18. Ne4 b6 19. h4 Nf6 20. h5 Nxe4 21. Qxe4 Qd6
22. Rf3 Nd7 23. Rg3 g5 24. Bxg5 Kh8 25. f6 Nxf6 26. Bxf6 Qxf6 27. Rf1 Qh6 28.
Rxf7 Rg8 29. d6 Rae8 30. dxe7 Bf6 31. Rxg8+ Kxg8 32. Qd5 Kh8 33. Bd3 Qe3+ 34.
Kh2 Qf4+ 35. g3 1-0

[Event "XIII Festival A"]
[Site "Trieste ITA"]
[Date "2011.09.06"]
[Round "5"]
[White "Franca, Veronika"]
[Black "Spiesberger, Gerhard"]
[WhiteElo "1833"]
[BlackElo "2149"]
[Result "0-1"]
[PlyCount "100"]
[EventDate "2011.09.03"]

1. d4 Nf6 2. c4 e6 3. Nc3 Bb4 4. e3 O-O 5. Bd3 d6 6. Nge2 e5 7. O-O Bxc3 8.
Nxc3 Re8 9. b3 c6 10. dxe5 dxe5 11. Bb2 Bg4 12. Be2 Bxe2 13. Nxe2 Nbd7 14. Ng3
Nc5 15. Qxd8 Raxd8 16. Rad1 Nd3 17. Bc3 Rd7 18. Rd2 Red8 19. Rfd1 h5 20. f3 g6
21. Kf1 Nc5 22. Rxd7 Rxd7 23. Rxd7 Nfxd7 24. Ke2 f5 25. Nh1 Kf7 26. Nf2 Ke6 27.
Be1 Nf6 28. b4 Ncd7 29. Kd3 b6 30. e4 b5 31. c5 a5 32. a3 a4 33. Bd2 Nf8 34.
Bc1 N8h7 35. Bd2 g5 36. Bc1 f4 37. Nd1 g4 38. Ke2 Ng5 39. Nc3 h4 40. Bb2 h3 41.
gxh3 gxf3+ 42. Kf2 Ngxe4+ 43. Nxe4 Nxe4+ 44. Kxf3 Kf5 45. Bc1 Nf6 46. Bb2 e4+
47. Kf2 e3+ 48. Kf3 Ne4 49. h4 Nd2+ 50. Ke2 Ke4 0-1

[Event "XIII Festival A"]
[Site "Trieste ITA"]
[Date "2011.09.06"]
[Round "5"]
[White "Golod, Vitali"]
[Black "Grigorov, Grigor"]
[WhiteElo "2579"]
[BlackElo "2484"]
[Result "1/2-1/2"]
[PlyCount "46"]
[EventDate "2011.09.03"]

1. d4 Nf6 2. c4 e6 3. Nc3 Bb4 4. e3 O-O 5. Nge2 d5 6. a3 Bd6 7. c5 Be7 8. Nf4
c6 9. b4 b6 10. Be2 a5 11. Rb1 Ba6 12. Bxa6 Rxa6 13. O-O axb4 14. axb4 Nbd7 15.
Nd3 Qc8 16. Qc2 Bd8 17. Bd2 bxc5 18. bxc5 Re8 19. Nb4 Ra8 20. Ra1 Ba5 21. Ra4
Bxb4 22. Rxb4 e5 23. f3 e4 1/2-1/2

[Event "XIII Festival A"]
[Site "Trieste ITA"]
[Date "2011.09.06"]
[Round "5"]
[White "Ivanovic, Andrej"]
[Black "De Val, Daniele"]
[WhiteElo "2016"]
[BlackElo "2220"]
[Result "1/2-1/2"]
[PlyCount "67"]
[EventDate "2011.09.03"]

1. d4 e6 2. c4 f5 3. g3 Nf6 4. Bg2 d5 5. Nh3 c6 6. O-O Bd6 7. Bf4 Be7 8. Qc2
O-O 9. Nd2 h6 10. Nf3 g5 11. Bxb8 Rxb8 12. Ne5 Bd6 13. f4 Ne4 14. e3 Bd7 15.
Nf2 Nxf2 16. Rxf2 Kg7 17. Bf3 Qe7 18. h3 Bxe5 19. fxe5 Be8 20. cxd5 cxd5 21.
Rc1 Bc6 22. Qc5 Qxc5 23. Rxc5 Rbc8 24. Rfc2 Bd7 25. Rc7 Kg6 26. Rxc8 Rxc8 27.
Rxc8 Bxc8 28. Kf2 h5 29. h4 g4 30. Be2 Bd7 31. Ke1 a5 32. Kd2 Kf7 33. Kc3 Ke7
34. a3 1/2-1/2

[Event "XIII Festival A"]
[Site "Trieste ITA"]
[Date "2011.09.06"]
[Round "5"]
[White "Khmelniker, Ilya"]
[Black "Narayanan, Srinath"]
[WhiteElo "2518"]
[BlackElo "2336"]
[Result "1/2-1/2"]
[PlyCount "39"]
[EventDate "2011.09.03"]

1. d4 Nf6 2. c4 e6 3. Nf3 b6 4. g3 Ba6 5. Qa4 Be7 6. Bg2 O-O 7. Nc3 c6 8. Bf4
Bb7 9. O-O d5 10. Rac1 a6 11. Qb3 Nbd7 12. c5 a5 13. Na4 b5 14. Nc3 Ba6 15. a3
Nh5 16. Bd2 b4 17. axb4 Bc4 18. Qa4 axb4 19. Qxb4 Qc7 20. Ra1 1/2-1/2

[Event "XIII Festival A"]
[Site "Trieste ITA"]
[Date "2011.09.06"]
[Round "5"]
[White "Laco, Giuseppe"]
[Black "Butala, Marjan"]
[WhiteElo "2116"]
[BlackElo "2074"]
[Result "1/2-1/2"]
[PlyCount "193"]
[EventDate "2011.09.03"]

1. c4 e5 2. Nc3 Nc6 3. e3 g6 4. d4 d6 5. d5 Nce7 6. e4 Nf6 7. Be2 Bg7 8. g4 h5
9. g5 Nd7 10. h4 a5 11. Be3 f5 12. f3 b6 13. a3 O-O 14. b4 Rf7 15. b5 Nc5 16.
Rb1 Bb7 17. Nh3 fxe4 18. fxe4 Qd7 19. Nf2 Raf8 20. Rh2 Bc8 21. Kd2 Qe8 22. Qg1
Rf4 23. Qg2 Bd7 24. Nd3 Nc8 25. Bxf4 exf4 26. Bf3 Nxd3 27. Kxd3 Qe5 28. Ne2 Ne7
29. Kd2 Nf5 30. Qg1 Ne3 31. Kd3 Bg4 32. Qf2 Bd7 33. Rhh1 Ng4 34. Qg2 Qe8 35.
Rhc1 Ne5+ 36. Kd2 Ng4 37. Rb3 Qe7 38. Re1 Be5 39. a4 Qg7 40. Qg1 Bb2 41. Kc2
Be5 42. Kb1 Qf7 43. Nc1 Qg7 44. Rd1 Bc3 45. Ne2 Bb4 46. Qd4 Ne5 47. Ng1 Bc5 48.
Qc3 Bg4 49. Bxg4 hxg4 50. Ne2 Nf3 51. Qxg7+ Kxg7 52. Rxf3 gxf3 53. Ng1 f2 54.
Nf3 Re8 55. Nd2 f3 56. Kc2 Rf8 57. Rh1 Rf4 58. Kd3 Bb4 59. Rf1 Bxd2 60. Kxd2
Rxe4 61. Rxf2 Rxh4 62. Rxf3 Rg4 63. Re3 Kf7 64. Rf3+ Ke7 65. Re3+ Kd7 66. Kd3
Rxg5 67. Rh3 Re5 68. Rh6 Rg5 69. Rh7+ Kd8 70. Rh8+ Kd7 71. Rh7+ Kc8 72. Rh8+
Kb7 73. Rg8 Rg3+ 74. Ke4 Ra3 75. Rxg6 Rxa4 76. Kd3 Ra3+ 77. Kc2 Re3 78. Rg4 Kc8
79. Rf4 Kd7 80. Kb2 Ke7 81. Ka2 Rg3 82. Kb2 Rg7 83. Kc3 Rf7 84. Re4+ Kf6 85.
Re8 Re7 86. Rf8+ Ke5 87. Rf1 Rg7 88. Re1+ Kf4 89. Re8 Kf3 90. Ra8 Ke2 91. Kc2
Re7 92. Ra7 Ke3 93. Kc3 Ke4 94. Rb7 Rh7 95. Ra7 Rh3+ 96. Kb2 Rh7 97. Kc3
1/2-1/2

[Event "XIII Festival A"]
[Site "Trieste ITA"]
[Date "2011.09.06"]
[Round "5"]
[White "Rossi, Carlo"]
[Black "Gikas, Andreas Basilius"]
[WhiteElo "2346"]
[BlackElo "2192"]
[Result "1/2-1/2"]
[PlyCount "75"]
[EventDate "2011.09.03"]

1. e4 Nf6 2. d3 e5 3. Nf3 d5 4. Nbd2 Bc5 5. Be2 Nc6 6. O-O O-O 7. c3 a5 8. Nxe5
Nxe5 9. d4 Nxe4 10. Nxe4 dxe4 11. dxe5 Qe7 12. Bf4 Rd8 13. Qa4 Bf5 14. Rad1 c6
15. Bg3 Bb6 16. Qb3 Bc5 17. a4 Be6 18. Qc2 Bf5 19. Qb3 Be6 20. Bc4 e3 21. fxe3
Bxe3+ 22. Kh1 Rxd1 23. Rxd1 Bxc4 24. Qxc4 Rd8 25. Re1 Bb6 26. Bh4 g5 27. Bg3
Qe6 28. Qe2 Rd5 29. Qh5 h6 30. h4 Rd2 31. hxg5 Qd5 32. Re2 Rxe2 33. Qxe2 hxg5
34. Kh2 Qe6 35. Qh5 Bd8 36. Qe2 Bb6 37. Qh5 Bd8 38. Qe2 1/2-1/2

[Event "XIII Festival A"]
[Site "Trieste ITA"]
[Date "2011.09.06"]
[Round "5"]
[White "Samuelli, Daniele"]
[Black "Bozza, Stefano"]
[WhiteElo "1940"]
[BlackElo "1833"]
[Result "1/2-1/2"]
[PlyCount "77"]
[EventDate "2011.09.03"]

1. e4 e5 2. Nf3 Nc6 3. d4 exd4 4. Bc4 Nf6 5. e5 d5 6. Bb5 Ne4 7. Nxd4 Bd7 8.
Bxc6 bxc6 9. O-O Bc5 10. Be3 O-O 11. f3 Ng5 12. Kh1 Bb6 13. f4 Ne6 14. f5 Nxd4
15. Bxd4 Bxd4 16. Qxd4 Qg5 17. f6 Rfe8 18. fxg7 Qxe5 19. Qf2 Qf5 20. Qxf5 Bxf5
21. Na3 Bg6 22. Rae1 Kxg7 23. g4 Kf8 24. Kg2 Rxe1 25. Rxe1 Re8 26. Rxe8+ Kxe8
27. Kf3 f5 28. g5 Kd7 29. Kf4 Ke6 30. c3 a6 31. Nc2 c5 32. h4 a5 33. Ne1 c4 34.
Nf3 c5 35. Ne5 Be8 36. Nf3 a4 37. a3 Bh5 38. Ne5 Be8 39. Nf3 1/2-1/2

[Event "XIII Festival A"]
[Site "Trieste ITA"]
[Date "2011.09.06"]
[Round "5"]
[White "Timoshenko, Georgy"]
[Black "Erdos, Viktor"]
[WhiteElo "2572"]
[BlackElo "2608"]
[Result "1/2-1/2"]
[PlyCount "39"]
[EventDate "2011.09.03"]

1. e4 e5 2. Nf3 Nc6 3. Bb5 a6 4. Ba4 Nf6 5. O-O Be7 6. Re1 b5 7. Bb3 d6 8. c3
O-O 9. h3 Na5 10. Bc2 c5 11. d4 Nd7 12. Nbd2 cxd4 13. cxd4 Nc6 14. d5 Nb4 15.
Bb1 a5 16. a3 Na6 17. b4 Nb6 18. bxa5 Na4 19. Nb3 N6c5 20. Nxc5 1/2-1/2

[Event "XIII Festival A"]
[Site "Trieste ITA"]
[Date "2011.09.06"]
[Round "5"]
[White "Tonel, Giulia"]
[Black "Mocchi, Tullio"]
[WhiteElo "1923"]
[BlackElo "2259"]
[Result "0-1"]
[PlyCount "68"]
[EventDate "2011.09.03"]

1. Nf3 Nf6 2. g3 d5 3. Bg2 c6 4. O-O g6 5. d3 Bg7 6. Nbd2 O-O 7. c4 Re8 8. Qc2
Nbd7 9. Rb1 a5 10. b3 e5 11. e4 dxe4 12. dxe4 Nc5 13. Rd1 Bg4 14. Bb2 Nfd7 15.
a3 Ne6 16. h3 Bxf3 17. Nxf3 Qc7 18. b4 axb4 19. axb4 b6 20. Rd3 c5 21. Rbd1 Nd4
22. Nxd4 cxd4 23. Qb3 Nb8 24. c5 bxc5 25. Rc1 Nd7 26. f4 Qd6 27. fxe5 Bxe5 28.
Rf3 Rf8 29. b5 Qe6 30. Qc2 Rfc8 31. Bf1 Nb6 32. Kf2 Ra2 33. Rb1 c4 34. Qc1 c3
0-1

[Event "XIII Festival A"]
[Site "Trieste ITA"]
[Date "2011.09.07"]
[Round "6"]
[White "Baklan, Vladimir"]
[Black "Erdos, Viktor"]
[WhiteElo "2617"]
[BlackElo "2608"]
[Result "1/2-1/2"]
[PlyCount "49"]
[EventDate "2011.09.03"]

1. e4 e5 2. Nf3 Nc6 3. d4 exd4 4. Nxd4 Bc5 5. Be3 Qf6 6. c3 Nge7 7. Bc4 Ne5 8.
Be2 Qg6 9. O-O d6 10. f3 O-O 11. Kh1 d5 12. Nd2 dxe4 13. fxe4 Bg4 14. Bf4 Bxe2
15. Qxe2 Bd6 16. Nb5 N7c6 17. Nxd6 cxd6 18. Rad1 Rae8 19. Nf3 Qe6 20. b3 f6 21.
Qb5 Rf7 22. Nd4 Nxd4 23. cxd4 a6 24. Qb4 Nc6 25. Qxd6 1/2-1/2

[Event "XIII Festival A"]
[Site "Trieste ITA"]
[Date "2011.09.07"]
[Round "6"]
[White "Banusz, Tamas"]
[Black "Cebalo, Miso"]
[WhiteElo "2552"]
[BlackElo "2478"]
[Result "1-0"]
[PlyCount "71"]
[EventDate "2011.09.03"]

1. d4 Nf6 2. c4 e6 3. Nc3 c5 4. d5 exd5 5. cxd5 d6 6. Nf3 g6 7. Bf4 a6 8. a4
Bg7 9. h3 Qe7 10. e3 O-O 11. Be2 Nbd7 12. O-O Ne8 13. Re1 Ne5 14. Nd2 f5 15.
Bh2 Rb8 16. Ra3 Bd7 17. Rb3 Nc7 18. a5 Rfe8 19. Bf1 Nf7 20. Nc4 Bb5 21. Be2
Bxc4 22. Bxc4 Ne5 23. Bf1 Qf6 24. Na4 Kh8 25. Qd2 h5 26. Rd1 Kh7 27. Rc3 Nb5
28. Rcc1 Qh4 29. Nb6 Re7 30. Bg3 Qe4 31. Nc4 Rbe8 32. Nxe5 Bxe5 33. Rc4 Bd4 34.
exd4 cxd4 35. Rb4 h4 36. Bxb5 1-0

[Event "XIII Festival A"]
[Site "Trieste ITA"]
[Date "2011.09.07"]
[Round "6"]
[White "Bozza, Stefano"]
[Black "Castelfranchi, Carlo"]
[WhiteElo "1833"]
[BlackElo "2057"]
[Result "0-1"]
[PlyCount "50"]
[EventDate "2011.09.03"]

1. e4 Nf6 2. Nc3 d5 3. e5 Ne4 4. d4 Nxc3 5. bxc3 c5 6. Nf3 Nc6 7. Be2 Bf5 8.
O-O e6 9. Rb1 Qc7 10. Bb5 c4 11. Nh4 Bg6 12. Bg5 Be7 13. Bxe7 Qxe7 14. g3 Qa3
15. Qd2 O-O 16. Bxc6 bxc6 17. f4 Rab8 18. Rxb8 Rxb8 19. g4 Be4 20. f5 Rb2 21.
f6 Rxc2 22. Qg5 g6 23. Nf3 Bxf3 24. Rxf3 Rxa2 25. Rf1 Qb2 0-1